[Event "BSF Lang Weekend EMT "]
[Site "Copenhagen"]
[Date "2016.02.13"]
[Round "2"]
[White "Thuesen, Mogens Henrik"]
[Black "Ostergaard, Jens"]
[Result "1-0"]
[WhiteElo "2169"]
[BlackElo "2266"]
[PlyCount "61"]
[EventDate "2016.02.12"]
[EventType "swiss"]
[EventRounds "7"]
[EventCountry "DEN"]

1. e4 c5 2. Nf3 Nc6 3. Bb5 d6 4. O-O Bd7 5. Re1 g6 6. c3 Bg7 7. d4 cxd4 8. cxd4
Nf6 9. Nc3 O-O 10. h3 a6 11. Bf1 Ne8 12. Bg5 h6 13. Be3 Kh7 14. Qd2 Rc8 15.
Rac1 f5 16. Bd3 Nb4 17. Bb1 fxe4 18. Bxe4 Nf6 19. Bb1 Bf5 20. Bxf5 gxf5 21. d5
Ne4 22. Nxe4 fxe4 23. Nd4 Nd3 24. Ne6 Qd7 25. Nxg7 Rxc1 26. Rxc1 Nxc1 27. Ne6
Rf5 28. Qxc1 Qb5 29. Qc3 Rf6 30. Bd4 Qxd5 31. Bxf6 1-0

[Event "BSF Lang Weekend EMT "]
[Site "Copenhagen"]
[Date "2016.02.13"]
[Round "2"]
[White "Rostgaard, Tobias Valentin"]
[Black "Dalsberg, Sandra de Blecourt"]
[Result "0-1"]
[WhiteElo "2240"]
[BlackElo "2111"]
[PlyCount "82"]
[EventDate "2016.02.12"]
[EventType "swiss"]
[EventRounds "7"]
[EventCountry "DEN"]

1. d4 d5 2. c4 c6 3. Nf3 Nf6 4. Qc2 g6 5. Bf4 dxc4 6. Qxc4 Be6 7. Qc1 Nd5 8.
Bd2 Bg7 9. e4 Nc7 10. Be3 O-O 11. Nc3 Bg4 12. Qd2 Ne6 13. e5 Bxf3 14. gxf3 c5
15. dxc5 Qxd2+ 16. Kxd2 Bxe5 17. Bc4 Rd8+ 18. Ke2 Nd4+ 19. Bxd4 Rxd4 20. Bb3
Nc6 21. Rad1 Rad8 22. Nd5 Kf8 23. h4 Rxd1 24. Rxd1 Nd4+ 25. Ke3 Nxb3 26. axb3
Bxb2 27. b4 Bf6 28. b5 e6 29. Nc3 Rxd1 30. Nxd1 Ke8 31. Ke4 Bxh4 32. f4 Kd7 33.
f3 Bf6 34. Ne3 a6 35. bxa6 bxa6 36. Kd3 Kc6 37. Ng4 Bg7 38. Kc4 h5 39. Nf2 a5
40. Ne4 h4 41. Ng5 Bf6 0-1

[Event "BSF Lang Weekend EMT "]
[Site "Copenhagen"]
[Date "2016.02.13"]
[Round "2"]
[White "Nielsen, Thomas Bach"]
[Black "Pedersen, Henrik Dahl"]
[Result "0-1"]
[WhiteElo "2134"]
[BlackElo "2227"]
[PlyCount "94"]
[EventDate "2016.02.12"]
[EventType "swiss"]
[EventRounds "7"]
[EventCountry "DEN"]

1. d4 Nf6 2. c4 c5 3. d5 e6 4. Nc3 exd5 5. cxd5 d6 6. e4 g6 7. f4 Bg7 8. e5
dxe5 9. fxe5 Nfd7 10. e6 fxe6 11. dxe6 Nf6 12. Qxd8+ Kxd8 13. Bc4 Bxe6 14. Bxe6
Re8 15. Nge2 Rxe6 16. O-O Nbd7 17. Bg5 h6 18. Nf4 Rd6 19. Bxf6+ Bxf6 20. Ne4
Bd4+ 21. Kh1 Rb6 22. Rad1 g5 23. Nd5 Re6 24. Nec3 a6 25. a4 Rc8 26. a5 Rcc6 27.
Na4 Rcd6 28. Ndb6 Nxb6 29. axb6 Kd7 30. Rf5 Kc6 31. b4 cxb4 32. Rc1+ Bc3 33.
Rc5+ Kd7 34. Rc7+ Kd8 35. Rxb7 Kc8 36. Rc7+ Kb8 37. Nc5 Rxb6 38. Nxe6 Rxe6 39.
Rd7 a5 40. Rf1 Re1 41. Kg1 b3 42. Rxe1 Bxe1 43. Kf1 b2 44. Rd1 Bd2 45. Rb1 Bc1
46. Ke2 Kc7 47. Kd1 Kd6 0-1

[Event "BSF Lang Weekend EMT "]
[Site "Copenhagen"]
[Date "2016.02.13"]
[Round "2"]
[White "Thorsbro, Peter"]
[Black "Laustsen, Lars"]
[Result "1-0"]
[WhiteElo "2220"]
[BlackElo "2102"]
[PlyCount "49"]
[EventDate "2016.02.12"]
[EventType "swiss"]
[EventRounds "7"]
[EventCountry "DEN"]

1. d4 d5 2. c4 c6 3. Nf3 Nf6 4. Nc3 dxc4 5. a4 Bf5 6. e3 e6 7. Bxc4 Bb4 8. O-O
Nbd7 9. Qe2 Bg6 10. e4 O-O 11. Bd3 Bh5 12. e5 Nd5 13. Nxd5 cxd5 14. Qe3 Bg6 15.
Bxg6 fxg6 16. Ng5 Re8 17. Bd2 Bxd2 18. Qxd2 Rc8 19. a5 a6 20. Ra3 Nb8 21. Rf3
Rc7 22. Qf4 Qe7 23. Qg4 h6 24. Rf7 Qd8 25. Nxe6 1-0

[Event "BSF Lang Weekend EMT "]
[Site "Copenhagen"]
[Date "2016.02.13"]
[Round "2"]
[White "Pedersen, Hans Dahl"]
[Black "Nielsen, Klaus"]
[Result "1/2-1/2"]
[WhiteElo "2190"]
[BlackElo "2097"]
[PlyCount "141"]
[EventDate "2016.02.12"]
[EventType "swiss"]
[EventRounds "7"]
[EventCountry "DEN"]

1. c4 c5 2. g3 g6 3. Bg2 Bg7 4. Nc3 Nc6 5. a3 d6 6. Rb1 Bd7 7. b4 Qc8 8. b5 Ne5
9. Qb3 h5 10. h4 Nh6 11. Bb2 O-O 12. Nd5 Qd8 13. Nf3 e6 14. Nxe5 dxe5 15. Nc3
Rb8 16. Ne4 Qe7 17. Qe3 b6 18. Qg5 Qxg5 19. hxg5 Nf5 20. e3 Rbd8 21. Rc1 Bc8
22. Nf6+ Bxf6 23. gxf6 Rd3 24. Rc3 Rfd8 25. Rxd3 Rxd3 26. Bc3 Nd6 27. Bf1 e4
28. Bxd3 exd3 29. Rh4 Bb7 30. Be5 Nf5 31. Bb8 a6 32. a4 axb5 33. axb5 Nxh4 34.
gxh4 e5 35. Bxe5 Bc8 36. Bc7 Be6 37. Bxb6 Bxc4 38. Bxc5 Bxb5 39. e4 Bc6 40. f3
Kh7 41. Kf2 Bb5 42. Ke3 Ba6 43. Kd4 Kg8 44. Ke5 Bc4 45. Kf4 Be6 46. Kg5 Kh7 47.
Bd6 Bd7 48. Kf4 Kg8 49. Ke5 Bc8 50. Kd4 Ba6 51. f4 Kh7 52. e5 Kg8 53. Ke4 Bc4
54. f5 gxf5+ 55. Kxf5 Bd5 56. Kg5 Bf3 57. Kh6 Bg4 58. Bc5 Bf3 59. e6 fxe6 60.
Kg6 Be4+ 61. Kxh5 Kf7 62. Kg5 Kg8 63. Kf4 Bf5 64. Bd4 Kf7 65. Ke5 Bg4 66. Be3
Bh5 67. Bg5 Be2 68. Ke4 Kg6 69. Kd4 Kf7 70. h5 Bxh5 71. Kxd3 1/2-1/2

[Event "BSF Lang Weekend EMT "]
[Site "Copenhagen"]
[Date "2016.02.13"]
[Round "2"]
[White "Moe, Mogens"]
[Black "Nielsen, Viktor"]
[Result "1-0"]
[WhiteElo "2105"]
[BlackElo "2189"]
[PlyCount "65"]
[EventDate "2016.02.12"]
[EventType "swiss"]
[EventRounds "7"]
[EventCountry "DEN"]

1. e4 e5 2. Nf3 Nc6 3. d4 exd4 4. Nxd4 Bc5 5. Nb3 Bb6 6. Nc3 Nf6 7. a4 a5 8.
Bb5 Nb4 9. e5 Ng8 10. O-O Ne7 11. Bg5 h6 12. Bh4 g5 13. Bg3 h5 14. h4 Ng6 15.
Ne4 gxh4 16. Bh2 Kf8 17. c3 Nc6 18. Bxc6 bxc6 19. Re1 Ba6 20. Nbc5 Bc8 21. Qf3
Qe7 22. b4 Nxe5 23. Bxe5 Qxe5 24. Nf6 Qg5 25. Re8+ Kg7 26. Rxh8 Kxh8 27. Re1
Kg7 28. Re8 Qxf6 29. Rg8+ Kxg8 30. Qxf6 d6 31. Qd8+ Kh7 32. Ne4 Bb7 33. Qg5 1-0

[Event "BSF Lang Weekend EMT "]
[Site "Copenhagen"]
[Date "2016.02.13"]
[Round "2"]
[White "Jacobsen, Mikkel Manosri"]
[Black "Frank Nielsen, Marie"]
[Result "1/2-1/2"]
[WhiteElo "2188"]
[BlackElo "1968"]
[PlyCount "91"]
[EventDate "2016.02.12"]
[EventType "swiss"]
[EventRounds "7"]
[EventCountry "DEN"]

1. d4 Nf6 2. c4 g6 3. Nc3 Bg7 4. Bg5 O-O 5. Nf3 d6 6. e3 h6 7. Bh4 Bf5 8. Bxf6
exf6 9. Qb3 b6 10. h4 h5 11. Nh2 Nc6 12. Be2 Re8 13. Qd1 Nb4 14. Rc1 c5 15. d5
a5 16. Nf1 Ra7 17. a3 Na6 18. Nb5 Rae7 19. Ng3 Bc8 20. Bxh5 gxh5 21. Nxh5 Re4
22. Ng3 Bg4 23. Qc2 R4e5 24. h5 Bh6 25. Rh4 f5 26. Rxg4+ fxg4 27. Nf5 Qf6 28.
Nbxd6 Bf8 29. Nxe8 Rxe8 30. Rd1 Re5 31. d6 Rxf5 32. d7 Be7 33. d8=Q+ Bxd8 34.
Rxd8+ Kg7 35. h6+ Kxh6 36. Rd6 Qxd6 37. Qxf5 Qe6 38. Qf4+ Kg6 39. f3 gxf3 40.
gxf3 Kg7 41. Qg5+ Kh7 42. Qh5+ Kg7 43. Qg5+ Kh7 44. Qh5+ Kg7 45. Qg5+ Kh7 46.
Qh5+ 1/2-1/2

[Event "BSF Lang Weekend EMT "]
[Site "Copenhagen"]
[Date "2016.02.13"]
[Round "2"]
[White "Brondal, Paul"]
[Black "Eriksson, Christian Altenburg"]
[Result "1/2-1/2"]
[WhiteElo "2100"]
[BlackElo "2182"]
[PlyCount "51"]
[EventDate "2016.02.12"]
[EventType "swiss"]
[EventRounds "7"]
[EventCountry "DEN"]

1. c4 c5 2. g3 g6 3. Bg2 Bg7 4. Nc3 Nc6 5. a3 a5 6. d3 d6 7. Rb1 e5 8. Nd5 Be6
9. b4 axb4 10. axb4 Bxd5 11. Bxd5 cxb4 12. Bd2 Nge7 13. Nf3 Qa5 14. Qb3 O-O 15.
O-O Qa2 16. Rb2 Qa4 17. e4 Qxb3 18. Rxb3 Ra3 19. Rfb1 Rfa8 20. Bxb4 Nxb4 21.
Rxb4 Nxd5 22. cxd5 Rxd3 23. R4b3 Rxb3 24. Rxb3 Ra7 25. Rb6 Bf8 26. Nd2 1/2-1/2

[Event "BSF Lang Weekend EMT "]
[Site "Copenhagen"]
[Date "2016.02.13"]
[Round "2"]
[White "Fredericia, Louise Winther"]
[Black "Madsen, Michael Ole"]
[Result "1-0"]
[WhiteElo "2093"]
[BlackElo "2071"]
[PlyCount "101"]
[EventDate "2016.02.12"]
[EventType "swiss"]
[EventRounds "7"]
[EventCountry "DEN"]

1. e4 c6 2. Nc3 d5 3. Nf3 Bg4 4. h3 Bxf3 5. Qxf3 e6 6. d3 Nd7 7. Qg3 g6 8. d4
Bg7 9. exd5 exd5 10. Bg5 Ngf6 11. O-O-O O-O 12. Be2 b5 13. Qd6 Rb8 14. Qxc6 Rb6
15. Bxf6 Nxf6 16. Qc5 b4 17. Na4 Ne4 18. Qa5 Qg5+ 19. f4 Qxf4+ 20. Kb1 Nd2+ 21.
Ka1 Re6 22. Bd3 Bxd4 23. Qxb4 Be3 24. Qxf4 Bxf4 25. Nc3 Rd8 26. Nb5 Re7 27. Nd4
Rd6 28. Rhe1 Kf8 29. a4 Nc4 30. Nb5 Rxe1 31. Rxe1 Rd7 32. Bxc4 dxc4 33. Re4 Bg3
34. Rxc4 a6 35. Nd4 Bf2 36. Nf3 Ke7 37. Re4+ Kf6 38. Ka2 g5 39. b4 h5 40. g4
hxg4 41. hxg4 Rd6 42. Kb3 Kg6 43. Re5 f6 44. Rf5 Re6 45. Nxg5 Re3+ 46. Kc4 Rg3
47. Ne4 Rxg4 48. Rxf6+ Kg7 49. Rxf2 Rxe4+ 50. Kc5 Re6 51. b5 1-0

[Event "BSF Lang Weekend EMT "]
[Site "Copenhagen"]
[Date "2016.02.13"]
[Round "2"]
[White "Schou Moldt, Thomas"]
[Black "Henriksen, Christian Steen"]
[Result "1-0"]
[WhiteElo "2216"]
[BlackElo "1840"]
[PlyCount "61"]
[EventDate "2016.02.12"]
[EventType "swiss"]
[EventRounds "7"]
[EventCountry "DEN"]

1. Nf3 Nf6 2. g3 g6 3. Bg2 Bg7 4. O-O O-O 5. c4 d6 6. d4 Nbd7 7. Nc3 e5 8. e4
Re8 9. h3 exd4 10. Nxd4 Nc5 11. Re1 a5 12. Bf4 Nh5 13. Be3 h6 14. Qc2 Ne6 15.
Rad1 Nc5 16. Kh2 Bd7 17. b3 Qc8 18. Nd5 Nf6 19. Bc1 Be6 20. Nxf6+ Bxf6 21. Bb2
Bg7 22. f4 Bd7 23. Qf2 Kh7 24. e5 dxe5 25. fxe5 Re7 26. Nb5 Ne6 27. Ba3 c5 28.
Nd6 Qc7 29. Nxb7 Bxe5 30. Rxe5 Qxe5 31. Nxc5 1-0

[Event "BSF Lang Weekend EMT "]
[Site "Copenhagen"]
[Date "2016.02.13"]
[Round "2"]
[White "Kistrup, Nicolai"]
[Black "Nilssen, Ellen Fredericia"]
[Result "1/2-1/2"]
[WhiteElo "2058"]
[BlackElo "1799"]
[PlyCount "108"]
[EventDate "2016.02.12"]
[EventType "swiss"]
[EventRounds "7"]
[EventCountry "DEN"]

1. d4 e6 2. Nf3 d5 3. c4 Be7 4. Nc3 Nf6 5. Bg5 Nbd7 6. e3 O-O 7. Be2 dxc4 8.
Bxc4 c5 9. O-O cxd4 10. exd4 Nb6 11. Bb3 Nbd5 12. Re1 Bd7 13. Ne5 Rc8 14. Nxd5
Nxd5 15. Bxd5 Bxg5 16. Bxb7 Rb8 17. Bc6 Be8 18. Bxe8 Qxe8 19. d5 Rxb2 20. Nc4
Rb4 21. Nd6 Qd8 22. dxe6 fxe6 23. Ne4 Bf6 24. Qxd8 Bxd8 25. a3 Rb2 26. Rab1
Rxb1 27. Rxb1 Bb6 28. Rc1 h6 29. Kf1 Rf5 30. Ke2 Kh7 31. a4 Ra5 32. Rc4 Kg6 33.
f3 Rd5 34. h3 Rd4 35. Rxd4 Bxd4 36. Kd3 e5 37. g4 Kf7 38. Kc4 Ke6 39. Ng3 g6
40. Ne4 Bg1 41. Nc3 Kd6 42. Nb5+ Kc6 43. Na3 Bf2 44. Nb1 Be3 45. Nc3 Bc5 46.
Nd5 Bd6 47. Nf6 Be7 48. Ne4 Bh4 49. Nc3 Bf2 50. Ne4 Bh4 51. Nd2 Be1 52. Nb3 Bf2
53. Nd2 Be1 54. Ne4 Bh4 1/2-1/2

[Event "BSF Lang Weekend EMT "]
[Site "Copenhagen"]
[Date "2016.02.13"]
[Round "2"]
[White "Mouritsen, Jan"]
[Black "Karlsson, Ulf"]
[Result "0-1"]
[WhiteElo "1802"]
[BlackElo "2045"]
[PlyCount "82"]
[EventDate "2016.02.12"]
[EventType "swiss"]
[EventRounds "7"]
[EventCountry "DEN"]

1. d4 Nf6 2. Nf3 e6 3. g3 d5 4. Bg2 c5 5. O-O Nc6 6. c4 Be7 7. cxd5 exd5 8. Nc3
O-O 9. Bg5 cxd4 10. Nxd4 h6 11. Bf4 Bg4 12. Rc1 Qd7 13. Re1 Rac8 14. Qd3 Rfe8
15. Nxc6 bxc6 16. e4 d4 17. Ne2 Bb4 18. Red1 c5 19. f3 Be6 20. a3 c4 21. Qb1
Bc5 22. Kh1 d3 23. Nc3 Nh5 24. Bd2 Qc7 25. f4 Bg4 26. Rf1 Qd7 27. Rce1 Rb8 28.
Qc1 Bd4 29. f5 Qb7 30. Bxh6 f6 31. Bf4 Bxc3 32. bxc3 Nxf4 33. Rxf4 Be2 34. e5
Qb2 35. Bd5+ Kf8 36. Qe3 d2 37. Qc5+ Re7 38. Rd1 Bxd1 39. Rh4 Bh5 40. Qd4 Qb1+
41. Kg2 d1=Q 0-1

[Event "BSF Lang Weekend EMT "]
[Site "Copenhagen"]
[Date "2016.02.13"]
[Round "2"]
[White "Yssing, Klaus"]
[Black "van den Brink, Nienke"]
[Result "1-0"]
[WhiteElo "2011"]
[BlackElo "1688"]
[PlyCount "75"]
[EventDate "2016.02.12"]
[EventType "swiss"]
[EventRounds "7"]
[EventCountry "DEN"]

1. e4 e6 2. d4 d5 3. Nd2 Nf6 4. e5 Nfd7 5. Bd3 c5 6. c3 Nc6 7. Ne2 cxd4 8. cxd4
Nb4 9. Bb1 Qc7 10. O-O Be7 11. Nf3 O-O 12. a3 Nc6 13. Qd3 f5 14. exf6 Nxf6 15.
Bg5 Ne4 16. Bxe7 Qxe7 17. Ng3 Rf4 18. Re1 e5 19. dxe5 Qc5 20. Qe3 Qxe3 21. Rxe3
Nxg3 22. hxg3 Rf8 23. Ba2 Ne7 24. Rc1 Kh8 25. Rc7 Re8 26. Ng5 Nf5 27. Rd3 Be6
28. Rxb7 h6 29. Nxe6 Rxe6 30. f4 Rg6 31. Kh2 d4 32. Bf7 Rc6 33. Bd5 Rc5 34. Bf3
Rc1 35. Rf7 Ne3 36. Bxa8 Ng4+ 37. Kh3 h5 38. Kh4 1-0

[Event "BSF Lang Weekend EMT "]
[Site "Copenhagen"]
[Date "2016.02.13"]
[Round "2"]
[White "Pawlak, Wojciech Zbigniew"]
[Black "Nielsen, Morten Majlund"]
[Result "0-1"]
[WhiteElo "1775"]
[BlackElo "1995"]
[PlyCount "78"]
[EventDate "2016.02.12"]
[EventType "swiss"]
[EventRounds "7"]
[EventCountry "DEN"]

1. e4 c6 2. d4 d5 3. exd5 cxd5 4. c4 Nf6 5. Nc3 Nc6 6. Nf3 Bg4 7. cxd5 Nxd5 8.
Qb3 Bxf3 9. gxf3 e6 10. Qxb7 Nxd4 11. Bb5+ Nxb5 12. Qc6+ Ke7 13. Nxb5 Rb8 14.
Bd2 Qd7 15. Qxd7+ Kxd7 16. Nc3 Rxb2 17. Nxd5 exd5 18. a3 Bxa3 19. Bc1 Bb4+ 20.
Kf1 Rc2 21. Rxa7+ Ke6 22. Kg2 Bc5 23. Re1+ Kf6 24. Ra6+ Kf5 25. Ra5 Rxf2+ 26.
Kh1 Rc8 27. Rxc5 Rxc5 28. Be3 Rcc2 29. Bxf2 Rxf2 30. Re3 d4 31. Re7 d3 32. Kg1
d2 33. Kxf2 d1=Q 34. Rxf7+ Kg6 35. Rf4 Qd2+ 36. Kg3 Qd6 37. Kg4 h5+ 38. Kg3 Qe5
39. h4 Qd6 0-1

[Event "BSF Lang Weekend EMT "]
[Site "Copenhagen"]
[Date "2016.02.13"]
[Round "2"]
[White "Kristensen, Lars Ostergaard"]
[Black "Gustafsson, Magnus"]
[Result "0-1"]
[WhiteElo "1682"]
[BlackElo "1950"]
[PlyCount "94"]
[EventDate "2016.02.12"]
[EventType "swiss"]
[EventRounds "7"]
[EventCountry "DEN"]

1. d4 Nf6 2. c4 g6 3. Nc3 d5 4. Nf3 Bg7 5. Qb3 dxc4 6. Qxc4 O-O 7. e4 Nc6 8.
Be3 Ng4 9. d5 Nxe3 10. fxe3 Ne5 11. Nxe5 Bxe5 12. Be2 c6 13. O-O Qb6 14. Nd1
Bd7 15. Kh1 Rac8 16. Qd3 Rfd8 17. Nf2 h5 18. Qd2 Bg7 19. Nd3 Be8 20. Nf4 e5 21.
Nh3 Rd6 22. Rf3 Qd8 23. Bc4 Kh7 24. Raf1 f6 25. Nf2 Bf7 26. g4 cxd5 27. Bxd5
Bxd5 28. exd5 Rxd5 29. Qb4 h4 30. Ne4 Rc7 31. Nxf6+ Bxf6 32. Rxf6 Rdc5 33. Qe4
Qd5 34. Qxd5 Rxd5 35. Rf7+ Rxf7 36. Rxf7+ Kh6 37. Rxb7 h3 38. Kg1 Rd2 39. Rb8
Kg5 40. Rb4 a5 41. Re4 Rxb2 42. a4 Ra2 43. Rc4 Rg2+ 44. Kh1 Rxg4 45. e4 Kf4 46.
Rc5 Kf3 47. Rxa5 Kf2 0-1

[Event "BSF Lang Weekend EMT "]
[Site "Copenhagen"]
[Date "2016.02.13"]
[Round "2"]
[White "Andersen, Daniel"]
[Black "Eiholt, Bjarne"]
[Result "1-0"]
[WhiteElo "1906"]
[BlackElo "1612"]
[PlyCount "79"]
[EventDate "2016.02.12"]
[EventType "swiss"]
[EventRounds "7"]
[EventCountry "DEN"]

1. e4 c6 2. c4 d5 3. exd5 cxd5 4. cxd5 Nf6 5. Qa4+ Nbd7 6. Nc3 g6 7. Be2 Bg7 8.
Bf3 O-O 9. d4 Nb6 10. Qb3 e6 11. dxe6 Bxe6 12. Qd1 Re8 13. Nge2 Nbd5 14. O-O
Rc8 15. Be3 Bf5 16. Ng3 Be6 17. Rc1 a6 18. Re1 Nxe3 19. fxe3 Qd7 20. Qd3 Bc4
21. Qd2 Bh6 22. b3 Be6 23. Qd3 Rcd8 24. Rcd1 Ng4 25. e4 Ne5 26. Qe2 Nxf3+ 27.
gxf3 Bg7 28. e5 f5 29. d5 Qc7 30. Qc4 Qb6+ 31. Qd4 Qxd4+ 32. Rxd4 Bd7 33. f4 b5
34. Rd2 Bh6 35. Nce2 Be6 36. Red1 Bf7 37. e6 Bxe6 38. dxe6 Rxd2 39. Rxd2 Rxe6
40. Kf2 1-0

[Event "BSF Lang Weekend EMT "]
[Site "Copenhagen"]
[Date "2016.02.13"]
[Round "2"]
[White "Hvidberg, Rasmus"]
[Black "Ohayv, Nikolaj"]
[Result "1/2-1/2"]
[WhiteElo "1551"]
[BlackElo "1899"]
[PlyCount "57"]
[EventDate "2016.02.12"]
[EventType "swiss"]
[EventRounds "7"]
[EventCountry "DEN"]

1. e4 e5 2. Nf3 Nc6 3. Bb5 a6 4. Ba4 Nf6 5. O-O b5 6. Bb3 Be7 7. Re1 d6 8. h3
O-O 9. c3 Na5 10. Bc2 c5 11. d4 Qc7 12. d5 Nc4 13. b3 Nb6 14. Bg5 h6 15. Bxf6
Bxf6 16. Nbd2 g6 17. Nf1 Bg7 18. Ng3 f6 19. Nh4 Qf7 20. Qe2 Bd7 21. Rad1 Nc8
22. c4 Ne7 23. Qd2 b4 24. f4 exf4 25. Qxf4 g5 26. Qxd6 gxh4 27. Nf5 Ng6 28.
Qxc5 a5 29. Qf2 1/2-1/2

[Event "BSF Lang Weekend EMT "]
[Site "Copenhagen"]
[Date "2016.02.13"]
[Round "2"]
[White "Kokholm, Daniel"]
[Black "Pedersen, Bo V"]
[Result "0-1"]
[WhiteElo "1891"]
[BlackElo "1549"]
[PlyCount "64"]
[EventDate "2016.02.12"]
[EventType "swiss"]
[EventRounds "7"]
[EventCountry "DEN"]

1. d4 Nf6 2. Nc3 d5 3. e4 dxe4 4. f3 Bf5 5. g4 Bg6 6. g5 Nd5 7. Nxe4 e6 8. c4
Bb4+ 9. Kf2 Nb6 10. Be3 Be7 11. Ng3 Bxg5 12. f4 Bf6 13. Nf3 Nc6 14. Qd2 Qd7 15.
h4 h5 16. Qc3 O-O 17. Be2 Qe7 18. a3 a5 19. b3 Nd7 20. Qc1 Rad8 21. Ra2 Nb6 22.
Rd2 Rd7 23. c5 Nd5 24. Bb5 Nxe3 25. Kxe3 Rd5 26. Bxc6 bxc6 27. Ne5 Bxe5 28.
fxe5 f6 29. exf6 Qxf6 30. b4 axb4 31. axb4 e5 32. Rhh2 Qf4+ 0-1

[Event "BSF Lang Weekend EMT "]
[Site "Copenhagen"]
[Date "2016.02.13"]
[Round "2"]
[White "Liu, Casper Yukun"]
[Black "Jorgensen, Mikkel"]
[Result "1-0"]
[WhiteElo "1519"]
[BlackElo "1871"]
[PlyCount "89"]
[EventDate "2016.02.12"]
[EventType "swiss"]
[EventRounds "7"]
[EventCountry "DEN"]

1. e4 c5 2. Nc3 Nc6 3. f4 d6 4. Nf3 e6 5. Bc4 Be7 6. O-O a6 7. a4 Bd7 8. Qe1
Nd4 9. Nxd4 cxd4 10. Ne2 b5 11. Ba2 Qb6 12. Qf2 d5 13. exd5 Bc5 14. d3 Nf6 15.
dxe6 fxe6 16. Qf3 O-O 17. a5 Qd6 18. f5 Nd5 19. Bxd5 exd5 20. Ng3 Rae8 21. Bf4
Qc6 22. Bd2 Bd6 23. Rac1 Bxg3 24. Qxg3 Bxf5 25. Bb4 Rf6 26. Qh4 Rh6 27. Qxd4
Qc7 28. Qxd5+ Be6 29. Qd6 Qxd6 30. Bxd6 Bd5 31. Bb4 Rhe6 32. Rce1 Rxe1 33. Rxe1
Rxe1+ 34. Bxe1 Kf7 35. Kf2 Ke6 36. Bb4 g6 37. g3 h5 38. Ke3 Ke5 39. h4 Be6 40.
b3 Bf5 41. c4 bxc4 42. bxc4 Bd7 43. d4+ Ke6 44. Ke4 Be8 45. d5+ 1-0

[Event "BSF Lang Weekend EMT "]
[Site "Copenhagen"]
[Date "2016.02.13"]
[Round "2"]
[White "Moller, Arne"]
[Black "Jorgensen, Olav Erstad"]
[Result "1-0"]
[WhiteElo "1853"]
[BlackElo "1423"]
[PlyCount "45"]
[EventDate "2016.02.12"]
[EventType "swiss"]
[EventRounds "7"]
[EventCountry "DEN"]

1. e4 e5 2. Nf3 Nc6 3. Bb5 d6 4. d4 exd4 5. Nxd4 Bd7 6. Nxc6 bxc6 7. Bd3 g6 8.
O-O Bg7 9. c3 Nf6 10. f4 O-O 11. Qc2 Re8 12. Nd2 c5 13. Nf3 Bc6 14. e5 Nd7 15.
Ng5 dxe5 16. Bc4 Rf8 17. f5 gxf5 18. Qxf5 Nf6 19. Be3 h6 20. Ne6 Bd7 21. Nxd8
Bxf5 22. Nxf7 Rxf7 23. Rxf5 1-0

[Event "BSF Lang Weekend EMT "]
[Site "Copenhagen"]
[Date "2016.03.13"]
[Round "3"]
[White "Akdag, Dara Sevkan"]
[Black "Aabling Thomsen, Jakob"]
[Result "0-1"]
[WhiteElo "2182"]
[BlackElo "2329"]
[PlyCount "58"]
[EventDate "2016.02.12"]
[EventType "swiss"]
[EventRounds "7"]
[EventCountry "DEN"]

1. d4 g6 2. c4 Bg7 3. e4 d6 4. Nc3 e5 5. Nge2 Nc6 6. Be3 Nf6 7. d5 Ne7 8. f3 c6
9. Qd2 cxd5 10. cxd5 h5 11. Nc1 h4 12. Bd3 Bd7 13. O-O Nh5 14. N1e2 Ng8 15. Nb5
Bxb5 16. Bxb5+ Kf8 17. Rac1 Bh6 18. f4 Ngf6 19. fxe5 Bxe3+ 20. Qxe3 Ng4 21.
Rxf7+ Kxf7 22. Qf3+ Nhf6 23. exf6 Qb6+ 24. Kh1 Nf2+ 25. Kg1 Nxe4+ 26. Kh1 Nf2+
27. Kg1 Nd3+ 28. Kh1 Nxc1 29. Qg4 Qe3 0-1

[Event "BSF Lang Weekend EMT "]
[Site "Copenhagen"]
[Date "2016.02.13"]
[Round "3"]
[White "Thuesen, Mogens Henrik"]
[Black "Nilssen, John Arni"]
[Result "1/2-1/2"]
[WhiteElo "2169"]
[BlackElo "2285"]
[PlyCount "104"]
[EventDate "2016.02.12"]
[EventType "swiss"]
[EventRounds "7"]
[EventCountry "DEN"]

1. e4 c5 2. Nf3 Nc6 3. Bb5 g6 4. O-O Bg7 5. Re1 e5 6. Bxc6 dxc6 7. d3 Ne7 8. b3
O-O 9. Bb2 Qc7 10. Nbd2 f6 11. Qe2 b6 12. c3 a5 13. d4 Ba6 14. Qe3 exd4 15.
cxd4 cxd4 16. Nxd4 Qd7 17. Nc4 c5 18. Ne2 Qc6 19. Nf4 Bb7 20. Rad1 Rad8 21. f3
Rfe8 22. Qc3 Ba6 23. Ne3 Nc8 24. Nfd5 Rd6 25. Ng4 Rf8 26. Nge3 Rf7 27. Nc4 Re6
28. Qd2 Re8 29. Nde3 Bb7 30. Qf2 Qc7 31. a4 Qc6 32. Qh4 Qe6 33. Nd5 Ba6 34. Qg3
Bxc4 35. bxc4 Qc6 36. e5 fxe5 37. Bxe5 Qxa4 38. Bxg7 Kxg7 39. Nc7 Rxe1+ 40.
Rxe1 Qd7 41. Qe5+ Kg8 42. Nd5 Qd6 43. Qb2 Ne7 44. Rd1 Nxd5 45. Rxd5 Qf6 46. Qd2
Qf4 47. Rd8+ Kg7 48. Qc3+ Qf6 49. Qd2 Qf4 50. Qc3+ Qf6 51. Qd2 Qf4 52. Qc3+ Qf6
1/2-1/2

[Event "BSF Lang Weekend EMT "]
[Site "Copenhagen"]
[Date "2016.02.13"]
[Round "3"]
[White "Pedersen, Henrik Dahl"]
[Black "Fredericia, Louise Winther"]
[Result "0-1"]
[WhiteElo "2227"]
[BlackElo "2093"]
[PlyCount "84"]
[EventDate "2016.02.12"]
[EventType "swiss"]
[EventRounds "7"]
[EventCountry "DEN"]

1. c4 f5 2. g3 Nf6 3. Bg2 e6 4. d3 d6 5. Nc3 Be7 6. e3 c6 7. Nge2 O-O 8. O-O
Qe8 9. b4 e5 10. b5 g5 11. f4 gxf4 12. exf4 Bd8 13. bxc6 Bb6+ 14. c5 Bxc5+ 15.
d4 exd4 16. cxb7 dxc3+ 17. Kh1 Bxb7 18. Bxb7 Nc6 19. Nxc3 Rb8 20. Re1 Qd7 21.
Ba6 Nd4 22. Bc4+ Kg7 23. Bf1 Rfe8 24. Rxe8 Rxe8 25. h3 Re7 26. Rb1 Qe8 27. Bb2
Re3 28. Nd5 Qc6 29. Bg2 Rxg3 30. Bxd4 Rxh3+ 31. Kg1 Rg3 32. Kf1 Qa6+ 33. Ke1
Rxg2 34. Qf3 Bxd4 35. Qxg2+ Ng4 36. Qe2 Qa5+ 37. Nb4 Bc3+ 38. Kd1 Bxb4 39. Qe7+
Kg6 40. Qe6+ Nf6 41. Qe3 Qd5+ 42. Kc2 Qc5+ 0-1

[Event "BSF Lang Weekend EMT "]
[Site "Copenhagen"]
[Date "2016.02.13"]
[Round "3"]
[White "Dalsberg, Sandra de Blecourt"]
[Black "Thorsbro, Peter"]
[Result "0-1"]
[WhiteElo "2111"]
[BlackElo "2220"]
[PlyCount "126"]
[EventDate "2016.02.12"]
[EventType "swiss"]
[EventRounds "7"]
[EventCountry "DEN"]

1. d4 d5 2. c4 c6 3. cxd5 cxd5 4. Bf4 Nc6 5. e3 g6 6. Nc3 Bg7 7. Nf3 Nf6 8. h3
O-O 9. Be2 Qb6 10. a3 Bf5 11. Na4 Qd8 12. O-O Rc8 13. Rc1 Na5 14. Ne5 Nd7 15.
Nxd7 Bxd7 16. Nc5 b6 17. Nxd7 Qxd7 18. Ba6 Nb7 19. Qb3 e6 20. Bb5 Qe7 21. Qa4
Na5 22. Ba6 Rxc1 23. Rxc1 e5 24. Bxe5 Bxe5 25. dxe5 Qxe5 26. Qb5 Rd8 27. Rc3
Qf6 28. Qa4 d4 29. exd4 Rxd4 30. Qe8+ Kg7 31. Rf3 Rf4 32. Rxf4 Qxf4 33. Qe3 Qd6
34. Qc3+ f6 35. Qd3 Qe7 36. Bb5 Qe1+ 37. Qf1 Qd2 38. Qe2 Qc1+ 39. Kh2 Qc7+ 40.
g3 Nb7 41. Qc4 Qe7 42. Qe2 Qc5 43. b4 Qc7 44. Qe6 Nd6 45. Qd7+ Qxd7 46. Bxd7
Kf7 47. Kg2 Ke7 48. Bg4 Nb5 49. a4 Nc3 50. a5 Nd5 51. axb6 axb6 52. b5 Nc3 53.
h4 Nxb5 54. Be2 Nd4 55. Bd3 b5 56. g4 b4 57. h5 gxh5 58. gxh5 h6 59. f4 b3 60.
Kf2 b2 61. Ke3 Nb5 62. Ke4 Nc3+ 63. Kf5 Kf7 0-1